000 00933nam a2200313Ia 4500
001 Z_1522
003 CHAP
008 220113s2005 xx 000 0 und d
010 _a164610
040 _cCHAP
082 _a636.0852 M2y 2005
100 _aMcDowell, Lee Russell
_973495
245 _aMinerales para rumiantes en pastoreo en regiones tropicales /
_c Lee Russell McDowell y John D. Arthington
250 _a4 ed.
260 _aGainesville, Florida :
_b University of Florida,
_c2005
300 _a94 p. :
_bilus.
440 _aBoletín
_913507
502 _aTesis (Ing. Agr. Esp. en Zootecnia) -- UACH. Departamento de Zootecnia
650 _aAnimales
_xElementos minerales
_95861
650 _aGanado
_xTrópico
_9138671
650 _aNutrición animal
700 _aArthington, John D
_97764
901 _a636.0852 M2Y 2005
902 _aM
910 _a2005
942 _c1
942 _cc1
999 _c164610
_d164610